| 000 | 01075nam a2200277 i 4500 | ||
|---|---|---|---|
| 001 | 105323 | ||
| 003 | ES-MaACL | ||
| 005 | 20231005140618.0 | ||
| 007 | t| | ||
| 008 | 060623s1968 sp ||||1| spa d | ||
| 080 | _a738 Sala, Elisenda (083.824) | ||
| 100 | 1 |
_aSala, Elisenda. _9101642 |
|
| 245 | 1 | 0 |
_aElisenda Sala _b: [exposición, Sala de Santa Catalina del Ateneo de Madrid, octubre y noviembre de 1968] / _c[texto: Juan Cortés]. |
| 260 |
_a[Madrid] : _bPublicaciones Españolas, _c[1968] |
||
| 300 |
_a[16] p. : _bil. ; _c23 cm. |
||
| 490 | 1 |
_aCuadernos de arte. Serie divulgación ; _v112 |
|
| 600 | 1 | 4 |
_aSala, Elisenda- _vExposiciones. _9101643 |
| 610 | 2 | 7 |
_aAteneo de Madrid- _vExposiciones- _y1960-1969. _91920 |
| 655 | 7 |
_2tgfbne _9193628 _aCatálogos de exposiciones |
|
| 700 | 1 |
_aCortés, Juan. _940860 |
|
| 710 | 2 |
_aAteneo de Madrid. _bSala de Santa Catalina. _91964 |
|
| 830 | 0 |
_aCuadernos de arte. Serie divulgación ; _v112 _9184876 |
|
| 852 |
_aES-MaACL _j2205-F-30 _9109266 _bR.137773 _cDEPOF |
||
| 942 |
_2udc _cFOLLETOS |
||
| 999 |
_c105323 _d105323 |
||